| 000 | 05468cam a2200541 4500 | ||
|---|---|---|---|
| 008 | 000000n1999 000 0 eng u | ||
| 020 | _a0854069453 | ||
| 035 | _a(Sirsi) u101216 | ||
| 041 | _aeng | ||
| 050 | _a630.072 | ||
| 110 |
_aRoyal Institution of Chartered Surveyors _94900 |
||
| 245 |
_aRoots '99: The proceedings of the RICS rural research conference held at Harper Adams University College, on 20-21 April 1999 _h[electronic resource] |
||
| 260 |
_aLondon _bRICS _c1999 |
||
| 300 | _a431p. ; 30cm. | ||
| 350 | _a24.95 | ||
| 505 | _aAn assessment of current practice and institutional development in the former Yugoslav Republic of Macedonia with particular reference to valuation -- Flexibility and farm business tenancies: to what extent is the industry making full use of the new-found freedom? -- Food and environment - barriers to the tenant farmer -- Implications of food assurance on UK primary producers -- Is livestock marketing channel utilisation influenced by marketing orientation of beef farmers? -- Land law: fixtures and fittings - a question of gravity -- Land tenure and land markets in the transitional economies of Eastern Europe: a review of progress to date -- People-centred analysis: the use of qualitative evaluation to assess sustainable rural development -- Scenario-based decision support systems: their use in sustainable development of rural land in Central American hillsides -- Scottish land reform: an economic commentary -- Spatial patterns of economic activity: the role of small towns in the rural economy and some implications for planning and development policy. -- Structural changes in British agriculture beyond 2000 -- The impact of policies on organic farming in Europe -- The use of wood fuel for energy generation: an opportunity or just hot air? -- Uptake of internet services by farmers. | ||
| 650 | _aENVIRONMENTAL AND LAND CONSULTANCY-AGRIBUSINESS-AGRICULTURE | ||
| 650 | _aANIMAL WELFARE | ||
| 650 | _aCOMMON AGRICULTURAL POLICY | ||
| 650 | _aFARM BUSINESS TENANCIES | ||
| 650 | _aORGANIC FARMING | ||
| 650 | _aRURAL ECONOMY | ||
| 650 | _aMARKET TOWNS | ||
| 650 | _aEASTERN EUROPE | ||
| 650 | _aUNITED STATES | ||
| 650 | _aSUSTAINABLE DEVELOPMENT | ||
| 650 | _aRIGHTS OF WAY | ||
| 650 | _aWILDLIFE | ||
| 650 | _aRURAL PLANNING | ||
| 650 | _aROOTS | ||
| 690 | _aRURAL PRACTICE | ||
| 856 | 4 | 1 |
_uhttps://www.rics.org/Global/Downloads/AssessmentCurrentPracticeInstitutionalDevelopmentFormerYugoslavRepublic1999.pdf _zView 'An assessment of current practice and institutional development in the former Yugoslav Republic of Macedonia with particular reference to valuation' at www.rics.org... |
| 856 | 4 | 1 |
_uhttps://www.rics.org/Global/Downloads/flexibility_and_farm_business_tenancies_19990101.pdf _zView 'Flexibility and farm business tenancies: to what extent is the industry making full use of the new-found freedom?' at www.rics.org |
| 856 | 4 | 1 |
_uhttps://www.rics.org/Global/Downloads/food_and_environment_19990101.pdf _zView 'Food and environment - barriers to the tenant farmer' at www.rics.org |
| 856 | 4 | 0 |
_uhttps://www.rics.org/Global/Downloads/implications_of_food_assurance_19990101.pdf _zView 'Implications of food assurance on UK primary producers' at www.rics.org |
| 856 | 4 | 1 |
_uhttps://www.rics.org/Global/Downloads/is_livestock_marketing_channel_utilisation_influenced_19990101.pdf _zView 'Is livestock marketing channel utilisation influenced by marketing orientation of beef farmers?' at www.rics.org |
| 856 | 4 | 1 |
_uhttps://www.rics.org/Global/Downloads/LandLaw1999.pdf _zView ' Land law: fixtures and fittings - a question of gravity' at www.rics.org |
| 856 | 4 | 1 |
_uhttps://www.rics.org/Global/Downloads/LandTenureLandMarkets1999.pdf _zView 'Land tenure and land markets in the transitional economies of Eastern Europe: a review of progress to date' at www.rics.org |
| 856 | 4 | 1 |
_uhttps://www.rics.org/Global/Downloads/people-centred_analysis_19990101.pdf _zView 'People-centred analysis: the use of qualitative evaluation to assess sustainable rural development' at www.rics.org |
| 856 | 4 | 1 |
_uhttps://www.rics.org/Global/Downloads/scenario_based_decision_support_systems_19990101.pdf _zView 'Scenario-based decision support systems: their use in sustainable development of rural land in Central American hillsides' at www.rics.org |
| 856 | 4 | 0 |
_uhttps://www.rics.org/Global/Downloads/scottish_land_reform_19990101.pdf _zView 'Scottish land reform: an economic commentary' at www.rics.org |
| 856 | 4 | 0 |
_uhttps://www.rics.org/Global/Downloads/spatial_patterns_of_economic_activity_19990101.pdf _zView 'Spatial patterns of economic activity: the role of small towns in the rural economy and some implications for planning and development policy.' at www.rics.org |
| 856 | 4 | 0 |
_uhttps://www.rics.org/Global/Downloads/structural_changes_19990101.pdf _zView 'Structural changes in British agriculture beyond 2000' at www.rics.org |
| 856 | 4 | 0 |
_uhttps://www.rics.org/Global/Downloads/impact_of_policies_19990101.pdf _zView 'The impact of policies on organic farming in Europe' at www.rics.org |
| 856 | 4 | 1 |
_uhttps://www.rics.org/Global/Downloads/UseWoodFuelEnergyGeneration1999.pdf _zView the 'The use of wood fuel for energy generation: an opportunity or just hot air?' at www.rics.org... |
| 856 | 4 | 1 |
_uhttps://www.rics.org/Global/Downloads/uptake_of_internet_services_19990101.pdf _zView 'Uptake of internet services by farmers' at www.rics.org... |
| 942 | _n0 | ||
| 999 |
_c100038 _d100038 |
||